000 00691nam a22002297a 4500
003 UA-OsUOA
001 47094
007 ta
008 20120531b un ||||| |||| 00| 0 ukr d
090 _a82-2
_bР57
942 _cBR
040 _aUA-OsUOA
_bukr
_cUA-OsUOA
_dUA-OsUOA
245 _aРіздвяні п'єси для дитячого театру.
300 _a28 с.
955 _a3
041 _aukr
080 _a82-2
260 _aВінніпег
_b"Тризуб"
_c1958
650 7 _a82 Література. Літературознавство
_2UDC
999 _c427214
_d427214